00598cam a2200205 a 4500008004100000020002200041100002000063245006300083250001300146260003400159300003900193500002000232504004100252650001200293650004200305700001800347003000100365005001700366040000900383  a0072353236 (pbk.) aPayne, Wayne A.10aUnderstanding your health /cWayne A. Payne, Dale B. Hahn. a10th ed. aBoston :bMcGraw-Hill,c2002. axli, 665 p. :bcol. ill. ;c28 cm. aIncludes index. aIncludes bibliographical references. 0aHealth. 0aCollege studentsxHealth and hygiene.1 aHahn, Dale B.20230120204045.0 cNUST